ნორმალური ფორმატი
MARC ფორმატი
ჩანაწერი Personal Name
ჩანაწერთა რაოდენობა, რომელიც გამოყენებულია: 9
001 - CONTROL NUMBER
- control field: 241
003 - CONTROL NUMBER IDENTIFIER
- control field: GE_BSU
005 - DATE AND TIME OF LATEST TRANSACTION
- control field: 20190419195704.0
008 - FIXED-LENGTH DATA ELEMENTS
- fixed length control field: 190419|| aca||aabn | a|a d
040 ## - CATALOGING SOURCE
- Original cataloging agency: GE_BSU
- Transcribing agency: GE_BSU
100 ## - HEADING--PERSONAL NAME
- Personal name: ფალიაშვილი, აპოლონ.
- Relator term: გურამ, ქარქაშაძე
- Fuller form of name: რედაქტორი
670 ## - SOURCE DATA FOUND
- Source citation: Work cat.: (GE_BSU): გაბისონია,იური 240, მოკვლევისა და გამოძიების საპროცესო დოკუმენტების ნიმუშები :
